000 00485nam a2200193Ia 4500
003 0100
008 130303s9999 xx 000 0 und d
040 _cARRUPELIB
050 _aBX890.1962A2G76 1967
100 _aGrail
245 _aThis is the liturgy
245 _bsimplifications of the `constitution on the sacred liturgy' and `dogmatic Consti
260 _aLondon
260 _bGeoffrey Chapman
260 _C1967
300 _a79p.
300 _b 22cm.
942 0 0 _02
999 _c37736
_d37736